[Event "Olympiad Women 2024"]
[Site "Budapest HUN"]
[Date "2024.09.20"]
[Round "9.48"]
[Board "2"]
[White "Gonzalez Peguero, Mary Loly"]
[Black "Sokolova, Larisa"]
[Result "1-0"]
[WhiteElo "1889"]
[BlackElo "1705"]
[PlyCount "53"]
[EventDate "2024.09.11"]
[WhiteTeam "Dominican Republic"]
[BlackTeam "Cyprus"]
[WhiteTeamCountry "DOM"]
[BlackTeamCountry "CYP"]

1. Nf3 c5 2. g3 Nf6 3. Bg2 d5 4. d3 Nc6 5. Nbd2 e6 6. e4 dxe4 7. dxe4 e5 8. O-O Be7 9. c3 O-O 10. Qc2 Qc7 ({RR} 10... h6 11. Nc4 Qc7 12. Ne3 Be6 13. Nf5 Rfd8 14. Nxe7+ Qxe7 15. Qe2 b6 16. Nd2 Qd7 17. f4 Qd3 18. Qxd3 Rxd3 19. Nf3 Rad8 20. Ne1 Rd1 21. Bf3 Bh3 22. Bxd1 Rxd1 23. Ng2 Rd3 24. Re1 Na5 25. fxe5 {1-0 Sick,O (2350)-Schulenburg,P (2300) Oberliga NRW 9697 II 1996 (8.1)}) 11. a4 b6 ({RR} 11... h6 12. Nc4 Be6 13. Ne3 Rfd8 14. Nh4 Bf8 15. f4 Na5 16. fxe5 Qxe5 17. Nef5 Bb3 18. Qf2 Bc4 19. Re1 Rd7 20. Bf4 Qe6 21. Bh3 Qb6 22. e5 Nd5 23. Nxh6+ gxh6 24. Bxd7 Rd8 25. e6 Nxf4 26. Qxf4 {1-0 Kirchei,V (2070)-Bauyrzhan,A (2041) World Rapid Women 2022 (10.40)}) 12. Re1 Be6 $146 ({RR} 12... Ba6 13. Bf1 Bb7 14. Nc4 Rfd8 15. Bg5 Rd7 16. Bh3 Rdd8 17. Rad1 Ne8 18. Ne3 Bxg5 19. Nd5 Nd4 20. cxd4 Bxd5 21. exd5 cxd4 22. Qxc7 Nxc7 23. Nxg5 Nxd5 24. Rxe5 Nb4 25. Rb5 Nc2 26. Bf5 {1-0 Campos,A (2132)-Mano,L (1782) Rio de Janeiro-ch Absoluto 2006 (1)}) 13. Nh4 Rfd8 14. Nf5 Bf8 15. Nf1 g6 16. Bg5 gxf5 17. Bxf6 Rd7 18. exf5 Bd5 19. Bxd5 Rxd5 20. Qe4 Ne7 21. Bxe7 Qxe7 22. Qxd5 Rd8 23. Qxe5 Qg5 24. Rad1 Rxd1 25. Rxd1 Bg7 26. Qb8+ Bf8 27. Rd8 1-0

[Event "Olympiad Women 2024"]
[Site "Budapest HUN"]
[Date "2024.09.20"]
[Round "9.48"]
[Board "3"]
[White "Paunescu, Aida"]
[Black "Almanzar Vasquez, Jeniffer Maria"]
[Result "0-1"]
[WhiteElo "1603"]
[BlackElo "1876"]
[PlyCount "60"]
[EventDate "2024.09.11"]
[WhiteTeam "Cyprus"]
[BlackTeam "Dominican Republic"]
[WhiteTeamCountry "CYP"]
[BlackTeamCountry "DOM"]

1. g4 d5 2. Bg2 Nc6 3. g5 ({RR} 3. c4 e6 4. h3 h5 5. gxh5 Nf6 6. h6 Rxh6 7. Nf3 Bd6 8. d3 Rg6 9. Kf1 Nh5 10. Nc3 Bb4 11. a3 Bxc3 12. bxc3 dxc4 13. d4 e5 14. e4 Qf6 15. Nxe5 Ng3+ 16. Kg1 Nxh1 17. Nxg6 Nxf2 {0-1 Nakamura,H (2780)-Yu Yangyi (2720) chess.com SpeedChess 2023 (1.21)}) 3... e5 ({RR} 3... h5 4. c4 d4 5. d3 e5 6. h4 Bb4+ 7. Nd2 Nge7 8. a3 Bd6 9. Ne4 Nf5 10. b4 Be6 11. Nf3 O-O 12. b5 Na5 13. Bd2 c5 14. Nxd6 Nxd6 15. Nxe5 Rb8 16. Qa4 b6 17. Bxa5 bxa5 18. Nc6 {1-0 Zhigalko,S (2572)-Luong Phuong Hanh (2094) Titled Tue 14th May Late 2024 (1)}) 4. d3 h6 $146 ({RR} 4... f6 5. h4 Be6 6. c3 Qd7 7. b4 h6 8. Nf3 O-O-O 9. a4 hxg5 10. a5 e4 11. dxe4 dxe4 12. Qxd7+ Bxd7 13. Nfd2 e3 14. Nf3 g4 15. Ng1 Nxb4 16. Na3 exf2+ 17. Kxf2 Bc5+ 18. Be3 Na6 19. Rb1 {0-1 Papay,J (1920)-Sergeyev,A (2368) CZE-chT rap Pardubice 2013 (2.4)}) ({RR} 4... Be6 5. c3 Qd7 6. b4 Bd6 7. a4 h6 8. a5 a6 9. g6 f5 10. Nd2 Nf6 11. e3 O-O 12. Ne2 e4 13. d4 Qe8 14. Rg1 Bxh2 15. Rh1 Bd6 16. Nb3 b6 17. Kd2 Ng4 18. Qg1 f4 19. Kc2 {0-1 Papay,J (1988)-Majerik,V (1856) Teplice op 7th 2012 (8)}) ({RR} 4... Be7 5. h4 h6 6. Nf3 Bg4 7. Nc3 Qd7 8. d4 Bxf3 9. Bxf3 e4 10. Bg2 hxg5 11. h5 g4 12. Bf4 Nf6 13. Nb5 Bd8 14. h6 gxh6 15. Rxh6 Rxh6 16. Bxh6 a6 17. Nc3 Be7 18. Qd2 O-O-O 19. O-O-O {1-0 Lin,D (2299)-Melaugh,S (2109) Titled Tuesday intern op 20th Sep Late blitz 2022 (1)}) 5. g6 fxg6 6. e4 d4 7. Nf3 Be6 8. Nbd2 Bd6 9. Nb3 a5 10. Bd2 g5 11. h4 g4 12. Ng1 h5 13. Bg5 Be7 14. Qd2 Bxg5 15. hxg5 Qe7 16. f4 a4 17. Nc1 exf4 18. g6 Qf6 19. Qf2 Nge7 20. Nce2 f3 21. Bxf3 gxf3 22. Nxf3 Rf8 23. Rf1 Bh3 24. O-O-O Bxf1 25. Rxf1 Nxg6 26. Qh2 Nf4 27. Nd2 Nxe2+ 28. Qxe2 Qg5 29. Rxf8+ Kxf8 30. Qf2+ Ke7 0-1

[Event "Olympiad Women 2024"]
[Site "Budapest HUN"]
[Date "2024.09.20"]
[Round "9.48"]
[Board "4"]
[White "Ramirez Luzon, Franchesca"]
[Black "Pica, Eleni"]
[Result "1-0"]
[WhiteElo "1820"]
[BlackElo "1609"]
[PlyCount "37"]
[EventDate "2024.09.11"]
[WhiteTeam "Dominican Republic"]
[BlackTeam "Cyprus"]
[WhiteTeamCountry "DOM"]
[BlackTeamCountry "CYP"]

1. d4 Nf6 2. Bf4 d5 3. e3 e6 4. Nd2 Bd6 5. Bxd6 Qxd6 6. f4 O-O 7. Bd3 b6 8. Qe2 ({RR} 8. Ngf3 Ba6 9. c4 c5 10. O-O Nc6 11. Rc1 cxd4 12. exd4 Bb7 13. Ne5 Nxd4 14. Rc3 Nf5 15. Bb1 Rad8 16. g4 Qc5+ 17. Rf2 Ne3 18. g5 Nxd1 19. gxf6 Qxf2+ {0-1 Bestard Borras,M (2113)-Nielsen,V (2364) Titled Tue 21st May Late 2024 (8)}) 8... c5 9. c3 Nc6 $146 ({RR} 9... a5 10. Ngf3 Ba6 11. Ne5 Bxd3 12. Qxd3 Nfd7 13. O-O f6 14. Nef3 Nc6 15. Rad1 c4 16. Qc2 b5 17. Kh1 f5 18. Ne5 Nf6 19. Rg1 Qc7 20. Ndf3 Nxe5 21. Nxe5 Nd7 22. Nf3 Nf6 23. Ne5 Nd7 24. g4 {½-½ Grachev,B (2626)-Kretov,E (2219) RUS-chT blitz 2018 (14.3)}) ({RR} 9... a5 10. Ngf3 Ba6 11. Bxa6 Nxa6 12. Ne5 b5 13. O-O b4 14. f5 Rab8 15. fxe6 Qxe6 16. c4 Nc7 17. Rac1 cxd4 18. exd4 Rfe8 19. Ndf3 dxc4 20. Ng5 Qd5 21. Qxc4 Ne6 22. Nxe6 Qxe6 23. Qxe6 Rxe6 24. Rc7 {½-½ Cornette,M (2586)-Svane,R (2560) PRO League Central rapid 2017 (4)}) ({RR} 9... a5 10. Ngf3 Ba6 11. Bxa6 Nxa6 12. O-O Nc7 13. Ne5 Nd7 14. Qh5 f6 15. Ng4 f5 16. Ne5 Nxe5 17. fxe5 Qd7 18. Rf3 Rf7 19. Raf1 b5 20. Rg3 g6 21. Qh6 b4 22. Nf3 bxc3 23. bxc3 Nb5 24. Rc1 {1-0 Sosa,R (1853)-Mussanti,D (2313) Rio Grande Centennial op 2021 (7)}) ({RR} 9... a5 10. Ngf3 Ba6 11. O-O Bxd3 12. Qxd3 Nbd7 13. Ne5 b5 14. Nxd7 Nxd7 15. e4 c4 16. Qc2 f5 17. exd5 exd5 18. Rae1 g6 19. g3 Rfe8 20. h3 Re7 21. Nf3 Rae8 22. Kf2 Rxe1 23. Rxe1 Rxe1 24. Kxe1 {0-1 Ustianovich,N (2348)-Tomczak,M (2435) POL-chT 1st League 2021 (9.8)}) 10. Ngf3 c4 11. Bc2 b5 12. g4 g6 13. h4 Nxg4 14. h5 Nf6 15. Qg2 Kg7 16. Ne5 Ne7 17. Ke2 Rg8 18. hxg6 hxg6 19. Qg5 1-0

[Event "Olympiad Women 2024"]
[Site "Budapest HUN"]
[Date "2024.09.20"]
[Round "9.49"]
[Board "1"]
[White "Sagastegui, Thamara"]
[Black "Rouda Essa, Alserkal"]
[Result "0-1"]
[WhiteElo "1544"]
[BlackElo "2036"]
[PlyCount "84"]
[EventDate "2024.09.11"]
[WhiteTeam "Aruba"]
[BlackTeam "United Arab Emirates"]
[WhiteTeamCountry "ARN"]
[BlackTeamCountry "UAE"]

1. e4 c5 2. c3 d5 3. exd5 Qxd5 4. d4 g6 5. Nf3 Bg7 6. Na3 cxd4 7. Nb5 Na6 8. Nbxd4 Nf6 9. Be2 ({RR} 9. Bb5+ Bd7 10. Qe2 Bxb5 11. Qxb5+ Qxb5 12. Nxb5 O-O 13. Be3 b6 14. Rd1 e6 15. O-O Nd5 16. Bd4 Nc5 17. g3 Bxd4 18. Rxd4 a6 19. Na3 b5 20. Rfd1 Rab8 21. c4 bxc4 22. Nxc4 a5 23. Nfe5 a4 {0-1 Mamedyarov,S (2757)-Giri,A (2734) Beijing Sportaccord blitz 2013 (21)}) 9... O-O 10. Nb3 $146 ({RR} 10. O-O b6 11. c4 Qd6 12. b3 Ng4 13. h3 Nh2 14. Nxh2 Bxd4 15. Bh6 Rd8 16. Bf3 Rb8 17. Rc1 Bf5 18. Kh1 Nb4 19. Qd2 Bg7 20. Qxd6 Rxd6 21. Bf4 e5 22. Be3 e4 23. Bf4 Rbd8 24. Bxd6 Rxd6 {0-1 Spence,D (2199)-Matthiesen,M (2277) Calvia Amateur op 8th 2011 (8)}) ({RR} 10. O-O Nc5 11. c4 Qd8 12. h3 a6 13. Be3 Qc7 14. b4 Ne6 15. Rc1 Nf4 16. Qb3 Nxe2+ 17. Nxe2 e5 18. Nc3 Bf5 19. Rfe1 Rac8 20. g4 Be6 21. Nd5 Bxd5 22. cxd5 Qd7 23. Bc5 Rfe8 24. Rcd1 e4 {½-½ Srinath,R (2260)-Ihnat,M (2111) SixDays Budapest Jan IM B 2024 (9.3)}) ({RR} 10. O-O Rd8 11. Bg5 e5 12. Nb3 e4 13. Bxf6 Bxf6 14. Qxd5 Rxd5 15. Bc4 Rh5 16. Nfd4 Nc5 17. Rae1 Bd7 18. f3 Nxb3 19. Bxb3 exf3 20. Rxf3 Kg7 21. Ref1 Bxd4+ 22. cxd4 Rf5 23. Rxf5 Bxf5 24. Rd1 Rd8 {½-½ Balyan,A (1704)-Rostovtsev,D (2253) Korchnoi Mem Open 2023 (1.30)}) ({RR} 10. O-O Qa5 11. Bf4 Nh5 12. Be3 e5 13. Nb5 Nf4 14. Bxf4 exf4 15. Qd6 Re8 16. Bc4 Be6 17. Qxf4 Bxc4 18. Qxc4 Rac8 19. Qb3 Nc5 20. Qb4 Qxb4 21. cxb4 Ne4 22. Nxa7 Rc4 23. Nb5 Rxb4 24. Nc7 Rd8 {½-½ Krasilnikov,E (2130)-Gubajdullin,A (2342) RUS-chT Clubs sf 2005 (5)}) 10... Qc6 11. O-O Qc7 12. Be3 e5 13. h3 Be6 14. Qc1 Rfd8 15. Bh6 Bh8 16. Bg5 Rd7 17. Be3 Ne4 18. Ng5 Nxg5 19. Bxg5 f5 20. Bd2 f4 21. Rd1 Rf8 22. Bf3 Qc8 23. Be1 Re7 24. Bd5 Bxd5 25. Rxd5 f3 26. Qe3 fxg2 27. Kxg2 Qc6 28. Qd3 Nc7 29. c4 Nxd5 30. cxd5 Qb6 31. d6 Qc6+ 32. Kh2 Ref7 33. Qe3 Qxd6 34. Qg3 Rf3 35. Qg2 e4+ 36. Kg1 Bxb2 37. Rb1 Bd4 38. Nxd4 Qxd4 39. Rc1 e3 40. Rc2 Qd1 41. Qf1 Qxc2 42. Qb5 exf2+ 0-1

[Event "Olympiad Women 2024"]
[Site "Budapest HUN"]
[Date "2024.09.20"]
[Round "9.49"]
[Board "2"]
[White "Al Maamari, Wafia Darwish"]
[Black "Jacobs, Annelaine"]
[Result "1-0"]
[WhiteElo "1908"]
[BlackElo "1763"]
[PlyCount "69"]
[EventDate "2024.09.11"]
[WhiteTeam "United Arab Emirates"]
[BlackTeam "Aruba"]
[WhiteTeamCountry "UAE"]
[BlackTeamCountry "ARN"]

1. Nf3 {ChessBase} d6 2. d4 Nf6 3. b3 g6 4. Bb2 Bg7 5. g3 O-O 6. Bg2 Nc6 7. O-O Nd7 8. c4 e5 9. dxe5 Ndxe5 10. Nxe5 Nxe5 11. Nc3 Rb8 12. Qd2 Be6 ({RR} 12... Bd7 13. Rad1 Bc6 14. Nd5 a6 15. Qc1 Re8 16. Qa1 Bxd5 17. Rxd5 Bf8 18. Rfd1 Nd7 19. e3 Qe7 20. h4 h5 21. Bf3 f5 22. e4 fxe4 23. Re1 Bg7 24. Bxe4 Bxb2 25. Qxb2 Qg7 26. Qc2 Ne5 27. Kg2 {1-0 Xu,X (2532)-Wan,Y (2492) CHN-chT China 2017 (9.1)}) 13. Rad1 a6 14. e4 $146 ({RR} 14. Nd5 f5 15. f4 Nd7 16. Bxg7 Kxg7 17. e4 Bxd5 18. Qxd5 fxe4 19. Qxe4 b5 20. Rfe1 bxc4 21. Qxc4 Rb6 22. Qc3+ Kh6 23. Re3 c5 24. g4 Rxf4 25. Rh3+ Kg5 26. Rd5+ Ne5 27. Rxe5+ {1-0 Moroni,L (2128)-Cazzaniga,W (2148) Milan SSM op 2012 (4)}) ({RR} 14. Nd5 c6 15. Nc3 Qa5 16. Ne4 Qxa2 17. Qc3 Qxb2 18. Qxb2 Nf3+ 19. Bxf3 Bxb2 20. Rxd6 Be5 21. Rd3 b5 22. Nd2 Bf5 23. Be4 bxc4 24. Bf3 Be6 25. Be4 Bf5 26. bxc4 Bxe4 27. Nxe4 {½-½ Brito Garcia,A (2247)-Bethencourt Hernandez,A (2033) La Palma Island Open 2024 (7.16)}) ({RR} 14. f4 Nd7 15. e4 f6 16. Nd5 b5 17. Nb4 Rb6 18. cxb5 axb5 19. Qd3 Bf7 20. Bh3 Nc5 21. Qc2 Qe7 22. Rfe1 Re8 23. Bd4 c6 24. e5 fxe5 25. fxe5 Qg5 26. Bxc5 dxc5 27. e6 Bxe6 28. Rxe6 Rxe6 {1-0 Mariotti,S (2435)-Khair,A Olympiad-27 Dubai 1986 (3)}) ({RR} 14. Nd5 Re8 15. f4 Ng4 16. Bxg7 Kxg7 17. Qd4+ f6 18. e4 Bxd5 19. cxd5 h5 20. Rde1 ({RR} 20. Rc1) 20... Qe7 21. Re2 Nh6 22. Bh3 c5 23. dxc6 bxc6 24. Rc1 c5 25. Qd5 Rb4 26. Rc4 a5 27. Kf2 Nf7 28. Bg2 Rxc4 {1-0 Pribyl,M (2215)-Gross,D CSR-ch U16 Brno 1990}) 14... Qc8 15. f4 Ng4 16. f5 Bh6 17. Rf4 Bxf4 18. Qxf4 Ne5 19. fxe6 fxe6 20. Qh6 Rf7 21. Bh3 Qe8 22. Ne2 Nf3+ 23. Kg2 Qe7 24. Nf4 Ng5 25. Bg4 Rbf8 26. Nxg6 hxg6 27. Qxg6+ Rg7 28. Bxg7 Qxg7 29. Bxe6+ Nxe6 30. Qxe6+ Kh7 31. Rd5 Qb2+ 32. Kh3 Rf6 33. Rh5+ Kg6 34. Qg4+ Kf7 35. Rh7+ 1-0

[Event "Olympiad Women 2024"]
[Site "Budapest HUN"]
[Date "2024.09.20"]
[Round "9.49"]
[Board "3"]
[White "Moreno Mora, Milaydes Lourdes"]
[Black "Mariam, Essa"]
[Result "0-1"]
[WhiteElo "1694"]
[BlackElo "1779"]
[PlyCount "88"]
[EventDate "2024.09.11"]
[WhiteTeam "Aruba"]
[BlackTeam "United Arab Emirates"]
[WhiteTeamCountry "ARN"]
[BlackTeamCountry "UAE"]

1. e4 c5 2. Nc3 e6 3. f4 d5 4. exd5 exd5 5. Nf3 ({RR} 5. Bb5+ Nc6 6. Qe2+ Be7 7. Nf3 Nf6 8. Ne5 Qc7 9. O-O O-O 10. Bxc6 bxc6 11. d3 Bd6 12. Bd2 Re8 13. Qf2 d4 14. Na4 Be6 15. Rae1 Bd5 16. b3 Nh5 17. Qh4 g6 18. Nb2 f6 19. Ng4 Kg7 {½-½ Niering,M (2221)-Vasilevich,T (2425) Oberliga Ost-A 0304 2003 (3.2)}) 5... d4 ({RR} 5... Nf6 6. d3 Nc6 7. Be2 Be7 8. O-O O-O 9. Ne5 d4 10. Nxc6 bxc6 11. Ne4 Nxe4 12. dxe4 a5 13. Bc4 Ba6 14. Qd3 Bxc4 15. Qxc4 Rb8 16. a3 Qb6 17. e5 Qb5 18. Qxb5 cxb5 19. c3 dxc3 20. bxc3 {1-0 Prada Villagrasa,P (2022)-Obidjonov,O (2089) Titled Tue 20th Aug Early 2024 (5)}) 6. Bb5+ $146 ({RR} 6. Ne2 Nc6 7. Ng3 Bd6 8. d3 Nf6 9. Be2 O-O 10. O-O Nd5 11. Ng5 Qc7 12. Bf3 Nxf4 13. Bxc6 bxc6 14. Qf3 f6 15. N5e4 Nd5 16. Nf5 Bxf5 17. Qxf5 Bxh2+ 18. Kh1 Bd6 19. Qe6+ Kh8 20. Qxd6 Qxd6 {1-0 Szwedzinski,I-Chenska,K Polanica Zdroj op-D 42nd 2006 (3)}) 6... Bd7 7. Qe2+ Be7 8. Ne4 Qb6 9. Bc4 Nh6 10. O-O O-O 11. Ne5 Be6 12. d3 f6 13. Bxe6+ Qxe6 14. Nf3 Nc6 15. Ng3 Qxe2 16. Nxe2 Nb4 17. c3 dxc3 18. Nxc3 Nxd3 19. Rd1 c4 20. b3 Bc5+ 21. Kf1 Nxc1 22. Raxc1 Be3 23. Rc2 cxb3 24. axb3 Bxf4 25. g3 Ng4 26. Nd5 Bd6 27. Rd4 Ne5 28. Nd2 Rad8 29. Kg2 b6 30. Ne4 Bb8 31. Rcd2 Rde8 32. h3 Nc6 33. Rc4 Na5 34. Rb4 f5 35. Ng5 Bd6 36. Rb5 f4 37. Nxf4 Bxf4 38. gxf4 Rxf4 39. Rd7 h6 40. Nf3 Nc6 41. Rd6 Re3 42. Ng5 Rf6 43. Rxf6 gxf6 44. Nf3 Rxf3 0-1

[Event "Olympiad Women 2024"]
[Site "Budapest HUN"]
[Date "2024.09.20"]
[Round "9.49"]
[Board "4"]
[White "Almaamari, Zainab Darwish"]
[Black "Cabral, Sylvi"]
[Result "1-0"]
[WhiteElo "1661"]
[BlackElo "1471"]
[PlyCount "65"]
[EventDate "2024.09.11"]
[WhiteTeam "United Arab Emirates"]
[BlackTeam "Aruba"]
[WhiteTeamCountry "UAE"]
[BlackTeamCountry "ARN"]

1. e4 c5 2. Nf3 g6 3. Bc4 Nc6 4. c3 Nf6 5. e5 Ng4 ({RR} 5... d5 6. Bb5 Nd7 7. d4 Bg7 8. O-O O-O 9. Re1 cxd4 10. cxd4 Nb6 11. Bxc6 bxc6 12. h3 Qc7 13. Nc3 e6 14. b3 a5 15. Ba3 Rd8 16. Rc1 a4 17. Nb5 Qd7 18. Bc5 Nc4 19. Nc3 axb3 20. axb3 {0-1 Yuan,Q (2373)-Suleymanli,A (2537) Titled Tuesday intern op 17th May Late blitz 2022 (10)}) ({RR} 5... d5 6. Bb5 Ng4 7. Bxc6+ bxc6 8. d3 Bg7 9. Qe2 Qc7 10. Bf4 h5 11. h3 Nh6 12. Bh2 e6 13. O-O a5 14. c4 Ba6 15. Nc3 Nf5 16. Na4 Bf8 17. Rac1 d4 18. Nd2 Be7 19. Ne4 Qa7 20. Nd6+ {1-0 Velikanov,A (2387)-Gong,D (2260) Titled Tue 12th Mar Late 2024 (4)}) 6. Bxf7+ Kxf7 7. Ng5+ Ke8 8. Qxg4 $146 ({RR} 8. d4 Nh6 9. O-O cxd4 10. cxd4 Qb6 11. Be3 Nf5 12. Qa4 Nxe5 13. Kh1 Ng4 14. Nc3 Qd6 15. Nf3 a6 16. Qc4 Ngxe3 17. fxe3 Nxe3 18. Qb3 Nxf1 19. Rxf1 e6 20. Ne4 Qe7 21. Qb6 d5 22. Nc5 Qd6 {0-1 Born,A (1451)-Hiramine,R (1967) Recife Arraes Memorial 9th 2016 (1.18)}) 8... Nxe5 9. Qg3 Bg7 10. O-O d6 11. d4 cxd4 12. cxd4 Nc6 13. Nxh7 Bf5 14. Ng5 Nxd4 15. Nc3 Rc8 16. Re1 Nc2 17. Ne6 Bxe6 18. Qxg6+ Bf7 19. Qxc2 Be5 20. g3 Qb6 21. Qa4+ Kd8 22. Qa3 Be6 23. Bg5 Rh7 24. Rad1 Ke8 25. Qa4+ Bd7 26. Qe4 Rf7 27. Rd2 Bc6 28. Qg4 Rd8 29. Bh6 Rf6 30. Rxe5 Rxf2 31. Rxe7+ Kxe7 32. Rxf2 Qe3 33. Bxe3 1-0

[Event "Olympiad Women 2024"]
[Site "Budapest HUN"]
[Date "2024.09.20"]
[Round "9.50"]
[Board "1"]
[White "Mongeli, Sasha"]
[Black "De Blecourt, Sandra"]
[Result "1/2-1/2"]
[WhiteElo "1819"]
[BlackElo "2065"]
[PlyCount "92"]
[EventDate "2024.09.11"]
[WhiteTeam "Kenya"]
[BlackTeam "Denmark"]
[WhiteTeamCountry "KEN"]
[BlackTeamCountry "DEN"]

1. e4 c5 2. Nf3 Nc6 3. d4 cxd4 4. Nxd4 Nf6 5. Nc3 e5 6. Nde2 Bc5 7. Ng3 d6 8. Be2 a6 ({RR} 8... O-O 9. Na4 Nd4 10. O-O Nxe2+ 11. Qxe2 Bg4 12. Qd3 h6 13. Nxc5 dxc5 14. Qe3 b6 15. b3 Qd4 16. Rb1 Rad8 17. Qe1 Qd1 18. Qc3 Qd4 19. Bb2 Rfe8 20. h3 Qxc3 21. Bxc3 Bc8 22. Rfd1 Rd7 23. f3 {1-0 Andreikin,D (2725)-Zhigalko,S (2572) Titled Arena 2nd Jan blitz 2021}) ({RR} 8... O-O 9. O-O h6 10. Na4 Qe7 11. c3 a6 12. Nxc5 dxc5 13. Be3 Be6 14. Qc2 b6 15. a3 a5 16. h3 Qc7 17. Nh5 Nxh5 18. Bxh5 a4 19. Bg4 Bxg4 20. hxg4 Qd7 21. f3 Qe6 22. Rfd1 Na5 23. Rd5 {0-1 De Winter,A (2413)-Mekhitarian,K (2554) Titled Tue 23rd Apr Early 2024 (9)}) 9. O-O Be6 10. Nd5 Nd4 $146 ({RR} 10... Bxd5 11. exd5 Ne7 12. c4 h6 13. Kh1 O-O 14. Bd3 b5 15. b3 bxc4 16. bxc4 Ng6 17. Qf3 Re8 18. Ne4 Nxe4 19. Bxe4 Rb8 20. g3 Ne7 21. Qh5 Qc8 22. g4 Bd4 23. Bxh6 Bxa1 24. Bxg7 Ng6 25. Bf6 {1-0 Estimo,N-Berger,B Manila Meralco 1968 (6)}) ({RR} 10... Bxd5 11. exd5 Nd4 12. Bc4 Qd7 13. Kh1 h5 14. c3 Nf5 15. Qf3 Nxg3+ 16. fxg3 h4 17. gxh4 Rxh4 18. Be2 O-O-O 19. Bg5 Rxh2+ 20. Kxh2 Rh8+ 21. Kg3 Nh5+ 22. Qxh5 Rxh5 23. Bxh5 g6 24. Bxg6 fxg6 25. Rf8+ {1-0 Niedermaier,H (2250)-Sandner,G BL2-Ost 9697 1996 [5]}) 11. Bg5 Bxd5 12. exd5 h6 13. Bxf6 Qxf6 14. Ne4 Qd8 15. Nxc5 dxc5 16. Bg4 O-O 17. a4 c4 18. Re1 Qg5 19. Ra3 Nxc2 20. Qxc2 Qxg4 21. Rxe5 Rae8 22. Rae3 Rxe5 23. Rxe5 Qd4 24. Re4 Qxd5 25. Rxc4 Rd8 26. Rc8 g6 27. g3 Rxc8 28. Qxc8+ Kg7 29. Qc3+ Kh7 30. Qc2 h5 31. h4 Kg7 32. Qc3+ Kf8 33. a5 Ke7 34. Qc7+ Ke6 35. Qb6+ Kf5 36. Qb4 Qb5 37. Qf4+ Ke6 38. Qe4+ Kd6 39. Qd4+ Qd5 40. Qb6+ Ke5 41. Qe3+ Kd6 42. Qb6+ Qc6 43. Qd4+ Ke6 44. Qe3+ Kd6 45. Qf4+ Ke6 46. Qe3+ Kd6 1/2-1/2

[Event "Olympiad Women 2024"]
[Site "Budapest HUN"]
[Date "2024.09.20"]
[Round "9.50"]
[Board "2"]
[White "Jakobsen, Shanne Hedegaard"]
[Black "Ndirangu, Nyaruai"]
[Result "0-1"]
[WhiteElo "2002"]
[BlackElo "1782"]
[PlyCount "108"]
[EventDate "2024.09.11"]
[WhiteTeam "Denmark"]
[BlackTeam "Kenya"]
[WhiteTeamCountry "DEN"]
[BlackTeamCountry "KEN"]

1. d4 Nf6 2. c4 g6 3. Nf3 Bg7 4. g3 c5 5. Bg2 O-O 6. O-O cxd4 7. Qxd4 Nc6 8. Qh4 Qb6 ({RR} 8... Qa5 9. Nc3 d6 10. Nd5 Be6 11. Bd2 Qa6 12. Nc7 Qxc4 13. Nxa8 Rxa8 14. Rfe1 Qxh4 15. Nxh4 Nd5 16. Rac1 a5 17. a4 Ndb4 18. Bc3 Bb3 19. Bxg7 Kxg7 20. Rc3 Bxa4 21. e3 d5 22. f4 e6 23. Nf3 {½-½ Mamedyarov,S (2757)-Degraeve,J (2548) FRA-chT Top 16 Gp Haute 2007 (10.1)}) 9. Nc3 Rd8 $146 ({RR} 9... d6 10. Nd5 Nxd5 11. cxd5 Nb4 12. Be3 Qb5 13. Nd4 Bxd4 14. Qxd4 Nc2 15. Qc3 Nxe3 16. Qxe3 Bg4 17. f3 Bf5 18. Qd4 e5 19. Qd2 Qc5+ 20. Kh1 Rac8 21. e4 Bd7 22. Rfc1 Qb6 23. Rxc8 Rxc8 24. Rc1 {½-½ Nekam Tchassem,A-Gautier,S (2129) Saint Quentin op 2000 (7)}) ({RR} 9... d6 10. b3 Bf5 11. Bh6 Bxh6 12. Qxh6 Ng4 13. Qd2 Nf6 14. Nd5 Nxd5 15. cxd5 Nb4 16. Nd4 Bd7 17. a3 Na6 18. b4 Rac8 19. h4 Rc4 20. Rfd1 Ba4 21. Qd3 Rfc8 22. Rd2 Rc1+ 23. Rxc1 Rxc1+ 24. Kh2 {1-0 Lorscheid,G (2142)-Ratushnyi,V (1959) 6th Bamberg Open 2024 (6.15)}) ({RR} 9... Re8 10. Rb1 d6 11. Bg5 Be6 12. b3 Qa5 13. Bd2 Qh5 14. Qxh5 Nxh5 15. Nd5 Rac8 16. Rbc1 Nf6 17. Nf4 Bf5 18. Bc3 Red8 19. Rfd1 h6 20. Nd2 Bg4 21. f3 Bd7 22. e4 Ne8 23. Nb1 Kf8 24. Kf2 {½-½ Kramer,H-Barendregt,J NED-ch15 Amsterdam 1950 (10)}) ({RR} 9... d6 10. Nd5 Qd8 11. Bh6 Ng4 12. Bxg7 Kxg7 13. h3 Nh6 14. Rad1 Nf5 15. Qg5 h6 16. Qc1 e6 17. Qc3+ f6 18. e4 exd5 19. exf5 Bxf5 20. Rxd5 Qc7 21. Nd4 Nxd4 22. Rxd4 Rf7 23. Rfd1 Rc8 24. Rxd6 {1-0 Dickson,I (1910)-Dobos,O (1864) Budapest FS09 FM-B 2006 (10)}) 10. Nd5 Nxd5 11. cxd5 Nb4 12. Be3 Qd6 13. Ng5 h6 14. Ne4 Qxd5 15. Nc5 Qh5 16. Qxb4 Qxe2 17. Na4 d6 18. Nc3 Qa6 19. Nd5 Rd7 20. Rfc1 Qe2 21. Nc3 Qh5 22. Qf4 Qe5 23. Qc4 e6 24. Bf4 Qa5 25. Rab1 d5 26. Qe2 d4 27. b4 Qd8 28. Ne4 e5 29. Bd2 Re7 30. Nc5 Rb8 31. g4 b6 32. Ne4 Be6 33. f4 f5 34. gxf5 gxf5 35. Ng3 e4 36. Nxe4 fxe4 37. Qxe4 Bxa2 38. Qd3 b5 39. Ra1 Bf7 40. Rc5 Rb6 41. f5 a6 42. Rac1 Qd6 43. Rc6 Rxc6 44. Rxc6 Qe5 45. Rxa6 Bc4 46. Qf3 Rf7 47. Ra8+ Bf8 48. Bxh6 Qxf5 49. Qg3+ Kh7 50. h3 Kxh6 51. Qh4+ Kg7 52. Qxd4+ Qf6 53. Qg4+ Qg6 54. Qd4+ Kg8 0-1

[Event "Olympiad Women 2024"]
[Site "Budapest HUN"]
[Date "2024.09.20"]
[Round "9.50"]
[Board "3"]
[White "Mutisya, Jully"]
[Black "Guindy, Esmat Susanne"]
[Result "0-1"]
[WhiteElo "1750"]
[BlackElo "2015"]
[PlyCount "92"]
[EventDate "2024.09.11"]
[WhiteTeam "Kenya"]
[BlackTeam "Denmark"]
[WhiteTeamCountry "KEN"]
[BlackTeamCountry "DEN"]

1. d4 d5 2. Bf4 Bf5 3. e3 Nf6 4. c4 e6 5. Nc3 Bb4 6. Qb3 Nc6 7. a3 Bxc3+ 8. bxc3 Na5 9. Qb4 c6 10. Nf3 dxc4 11. Bxc4 Nxc4 12. Qxc4 Nd5 13. O-O $146 ({RR} 13. Qc5 Qb6 14. Qxb6 axb6 15. Kd2 Ke7 16. c4 Nxf4 17. exf4 Ra4 18. Rhc1 Rd8 19. Kc3 h6 20. h3 Be4 21. Ne1 b5 22. c5 {0-1 Vargas,R (1729)-Eto,F (1535) BRA-ch U2000 Amateurs 2022 (2)}) 13... Nxf4 14. exf4 O-O 15. Qe2 Qa5 16. Qb2 b6 17. Ne5 Rac8 18. Qb4 Qd5 19. Rfe1 Rfe8 20. Rad1 f6 21. Nc4 a5 22. Qb3 b5 23. Nxa5 Qxb3 24. Nxb3 Bc2 25. Nc5 Bxd1 26. Rxd1 Ra8 27. Ra1 Ra7 28. h3 Kf7 29. Nd3 Rea8 30. f5 exf5 31. Nb4 Rxa3 32. Rxa3 Rxa3 33. Nxc6 Rxc3 34. Na5 b4 35. Kf1 b3 36. Nxb3 Rxb3 37. Ke2 Ke6 38. f3 Kd5 39. Kf2 f4 40. Kg1 Rb2 41. Kh2 Kxd4 42. h4 Ke3 43. Kh3 h5 44. Kh2 Kf2 45. g4 fxg3+ 46. Kh3 Rb1 0-1